Naučno-techničeskij progress i rynok.
Problémy realizácie chozrasčotnej idey perestrojky vo vedeckotechnickom pokroku. Strata možností štátu formovať centrálne plány rozvoja vedy a techniky a garancie zavádzania nových druhov výrobkov. Negatívny vplyv trhu v strednodobej perspektíve na vzdelanie. Možnosti zainteresovanosti na vedeckotec...
Uložené v:
| Hlavný autor: | |
|---|---|
| Ďalší autori: | |
| Médium: | Kapitola |
| Jazyk: | Russian |
| Predmet: | |
| Tagy: |
Žiadne tagy, Buďte prvý, kto otaguje tento záznam!
|
MARC
| LEADER | 00000naa a2200000 4500 | ||
|---|---|---|---|
| 001 | r001082 | ||
| 005 | 20220819192151.6 | ||
| 041 | 0 | |a rus | |
| 044 | |a [SU] | ||
| 245 | 1 | 0 | |a Naučno-techničeskij progress i rynok. |c B. Rajzberg, Je. Zastavenko |
| 520 | |a Problémy realizácie chozrasčotnej idey perestrojky vo vedeckotechnickom pokroku. Strata možností štátu formovať centrálne plány rozvoja vedy a techniky a garancie zavádzania nových druhov výrobkov. Negatívny vplyv trhu v strednodobej perspektíve na vzdelanie. Možnosti zainteresovanosti na vedeckotechnickom pokroku v malých podnikoch. Nebezpečie trhových prístupov k financovaniu základného výskumu. | ||
| 610 | 2 | 0 | |a pokrok vedeckotechnický |
| 610 | 2 | 0 | |a trh |
| 610 | 2 | 0 | |a reformy hospodárske |
| 610 | 2 | 0 | |a plán vedy a techniky |
| 610 | 2 | 0 | |a vzdelanie |
| 610 | 2 | 0 | |a zainteresovanosť hmotná |
| 610 | 2 | 0 | |a podnik malý |
| 610 | 2 | 0 | |a financovanie |
| 610 | 2 | 0 | |a výskum základný |
| 100 | 1 | |a Rajzberg, B. | |
| 700 | 1 | |a Zastavenko, Je. | |